| 000 | 00890nas a2200289 4500 | ||
|---|---|---|---|
| 001 | BR0904172 | ||
| 003 | BR-BrBNA | ||
| 005 | 20231205113245.0 | ||
| 007 | ta | ||
| 008 | 230509b bl.|||p| |||| 00| 00por d | ||
| 040 |
_aBR-BrBNA _bpor _cBiblioteca Nacional de Agricultura |
||
| 041 | _a(Pt) | ||
| 072 | _aE11 | ||
| 100 | 1 | _aRodrigues, G.S. | |
| 100 | 1 | _aCampanhola, C. | |
| 100 | 1 | _aRodrigues, I. | |
| 100 | 1 | _aFrigetto, R.T.S. | |
| 100 | 1 | _aValentini, P. | |
| 100 | 1 | _aRamos Filho, L.O. | |
| 245 | 1 | _aGestão ambiental de atividades rurais: estudo de caso em agroturismo e agricultura orgânica | |
| 650 | _aAGROTURISMO | ||
| 650 | _aAGRICULTURA ORGÂNICA | ||
| 650 | _aGESTÃO AMBIENTAL | ||
| 773 | 0 |
_tAgricultura em São Paulo (Brazil) _xISSN 0044-6793 _g(Jan-Jun 2006), v. 53(1) p. 17-31 _wBR0904172 |
|
| 909 |
_a202311 _bLúcia _c55 _dLúcia Elande |
||
| 942 |
_2AGRIS _n0 _cANA |
||
| 999 |
_c202743 _d202743 |
||